The appraiser, auctioneer, broker, house and estate agent, and valuer`s pocket assistant (Record no. 115131)

MARC details
000 -LEADER
fixed length control field 00746cam a22002295a 4500
001 - CONTROL NUMBER
control field L158085
008 - FIXED-LENGTH DATA ELEMENTS--GENERAL INFORMATION
fixed length control field 140423s1894 xxk f 000 0 eng d
035 ## - SYSTEM CONTROL NUMBER
System control number (Sirsi) u158085
041 ## - LANGUAGE CODE
Language code of text/sound track or separate title eng
100 ## - MAIN ENTRY--PERSONAL NAME
Personal name Wheeler, John
245 #4 - TITLE STATEMENT
Title The appraiser, auctioneer, broker, house and estate agent, and valuer`s pocket assistant
250 ## - EDITION STATEMENT
Edition statement 5th rev ed
260 ## - PUBLICATION, DISTRIBUTION, ETC.
Place of publication, distribution, etc. London
Name of publisher, distributor, etc. Crosby Lockwood & Son
Date of publication, distribution, etc. 1894
350 ## - PRICE (NR) (BK AM CF MU VM SE) [OBSOLETE]
Price 0
651 #4 - SUBJECT ADDED ENTRY--GEOGRAPHIC NAME
Geographic name ENGLAND AND WALES
690 ## - LOCAL SUBJECT ADDED ENTRY--TOPICAL TERM (OCLC, RLIN)
Topical term or geographic name as entry element Valuation
9 (RLIN) 6273
690 ## - LOCAL SUBJECT ADDED ENTRY--TOPICAL TERM (OCLC, RLIN)
Topical term or geographic name as entry element Auctioneering
9 (RLIN) 6218
700 ## - ADDED ENTRY--PERSONAL NAME
Personal name Norris, C.
856 40 - ELECTRONIC LOCATION AND ACCESS
Host name uhttp://194.154.180.18/uhtbin/cgisirsi.exe/0/0/0/1/117/X/zComplete an order form to purchase an electronic copy of an extract from this book.
942 ## - ADDED ENTRY ELEMENTS (KOHA)
Suppress in OPAC 0
948 ## - LOCAL PROCESSING INFORMATION (OCLC); SERIES PART DESIGNATOR (RLIN)
c (OCLC) 04/03/1997
Holdings
Withdrawn status Lost status Source of classification or shelving scheme Damaged status Not for loan Home library Current library Shelving location Date acquired Total Checkouts Full call number Barcode Date last seen Copy number Price effective from Koha item type
    Dewey Decimal Classification     Historic collection Historic collection Archive copy 23/04/2014   ARCHIVE 30078274 06/08/2019 1 06/08/2019 Book